000 00290nam a2200097Ia 4500
005 20251222114405.0
008 251222s1900||||xx |||||||||||||| ||spa||
082 _aDVD191.3/U61/2004
245 0 _aMiércoles empresariales: el sector minero en el Perú. Estrategias y oportunidades:
942 _cDVD
999 _c1802
_d1802